| 000 | 00645nam a22002172 4500 | ||
|---|---|---|---|
| 001 | 0000005881 | ||
| 005 | 20151217152007.0 | ||
| 008 | 070806s xx 000 0 eng d | ||
| 020 |
_a9966710590 : _cKES 1,950 |
||
| 040 |
_aKABU _cKABU |
||
| 050 | 0 |
_aDT433.582 _b.N34A3 |
|
| 100 | 1 |
_aNdegwa, Duncan Nderitu. _@0000159524 |
|
| 245 | 1 | 0 | _aWalking in Kenyatta struggles. |
| 260 |
_aNairobi : _bKenya Leadership Institute, _c2006. |
||
| 300 | _axi, 618 p. | ||
| 600 | 1 | 0 |
_aNdegwa, Duncan Nderitu. _@0000159524 |
| 600 | 1 | 0 |
_aKenyatta, Jomo. _@0000103267 |
| 908 | _a070806 | ||
| 950 | _@1 | ||
| 999 |
_c7105 _d7105 |
||